000
00311nam a22001337a 4500
008
181224b xxu||||| |||| 00| 0 eng d
020
_a
4037996039956
041
_a
eng
080
_a
616-053.2
100
_a
8
101
_a
PED
245
_a
Illustrated textbook of Pediatrics
_c
Lissauer,T
942
_2
udc
_c
BK
999
_c
53707
_d
53707